000 00698nam a2200289Ia 4500
005 20260324114923.0
008 008 260324s9999 xx 000 0 eng d
020 _a9781003003649
037 _aEBOOK
040 _aCRL
040 _beng
040 _cCRL
041 _2eng
041 _aeng
084 _qCRL
100 _aRalph Burkinshaw
_91152670
245 0 _aHow to Investigate Damp
245 0 _bPractical Site Inspection Skills and Remedial Options
260 _bTaylor and Francis
260 _c2020
365 _a
365 _b340
856 _uhttp://www.taylorfrancis.com/books/9781003003649
942 _cEBOOK
999 _c1743153
_d1743153